| 000 | 00484nam a2200181Ia 4500 | ||
|---|---|---|---|
| 008 | 240925s9999 xx 000 0 und d | ||
| 020 | _a71248064 | ||
| 082 | _a515.15 SMI | ||
| 100 | _aSmith, T. Robert | ||
| 245 | 0 | _aCalculus | |
| 250 | _a2nd | ||
| 260 |
_aNew Delhi: _bMcGraw Hill Education (India) Private Limited _c,2005. |
||
| 300 |
_axxi, 702p. _bNA _fOriginal |
||
| 500 | _aIncludes Index | ||
| 600 | _aHumanities & Natural Science | ||
| 650 | _aMathematics | ||
| 942 | _cBK | ||
| 999 |
_c15205 _d15205 |
||